000 00939nam a22002537a 4500
005 20240530110501.0
008 150702s2010 ua f 000 0 ara d
017 _a2010/5831
_bمصر . دار الكتب المصرية
020 _a9789774212957
040 _aEG-CaGPL
082 0 4 _221
_a792.0226\
_bع م
100 0 _aعمرو دواره
245 1 0 _aمسارح الاطفال /
_cعمرو دواره
260 _aالقاهرة :
_bالهيئة المصرية العامة للكتاب ،
_c2010 .
300 _a313 ص ؛
_c24 سم .
650 0 4 _aمسارح الاطفال
650 0 4 _aمسارح الاطفال
_xتاريخ
650 0 4 _aمسارح الاطفال
_xالاخراج المسرحى
650 0 4 _aمسارح الاطفال
_zمصر
650 0 4 _aمسارح الاطفال
_xتصميم
650 0 4 _aمسارح الدولة
_xتاريخ
942 _2ddc
_cBK
999 _c61468
_d61468